000 00495nam a2200157Ia 4500
008 231217s9999 xx 000 0 und d
041 _aEnglish
082 _a001.6424JAV HOR2.1;1 R
100 _aHorstmann, Cay S. Cornell, Gary.
245 0 _aCore Java 2 V.1 : fundamentals revised and updated for Java SE 6
250 _a8th ed.
260 _c2008
_bPearson
_aNew Delhi
300 _axxvi, 835
650 _aCore,Java, V., , fundamental, revise, an, update, fo, Jav, S, 6
942 _cAA
999 _c183308
_d183308